000 00650nam a2200217Ia 4500
001 17796
003 GE_BSU
008 181216s||||||||xx |||||||||||||| ||und||
040 _cGE_BSU
080 _a621.3(075.8)
100 _aТолстов,Ю.Г. Теврюков,А.А.
245 _aТеория электрических цепей.
245 _bУчевное пособие.
245 _cНаучн. ред. В.Г.Миронов.
260 _aМ.
260 _bВысшая школа.
260 _c1971.
300 _a296 стр. с илл. 21 см.
653 _aТеория электрических цепей.
942 _cBK
999 _c50842
_d50842